Score 0/11 Timer 03:00
0 Plays Today
% Correct
SpongeBob SquarePants
97.6%
Patrick Star
96.7%
Sheldon Plankton
91.3%
Eugene Krabs
87.7%
Squidward Tentacles
80.4%
Poppy Puff
71.1%
The Flying Dutchman
69%
Mermaid Man
61.4%
Squilliam Fancyson
59.7%
Patchy the Pirate
57.3%
Betsy Krabs
50.5%
Remove Ads.
Support Sporcle.
Get the best of Sporcle when you Go Orange. This ad-free experience offers more features, more stats, and more fun while also helping to support Sporcle. Thank you for becoming a member.

You're not logged in!

Compare scores with friends on all Sporcle quizzes.
OR
Log In

Sporcle TV

Today on Sporcle TV


Watch our educational content, quiz creation guides, and fun videos on Sporcle TV.

Show Comments

Extras

Top Quizzes Today


Score Distribution

Paid Content

Your Account Isn't Verified!

In order to create a playlist on Sporcle, you need to verify the email address you used during registration. Go to your Sporcle Settings to finish the process.

Report this User

Report this user for behavior that violates our Community Guidelines.

Details: